Guess the Taylor Swift song without any hints 4 - Statistics

General Stats
  • This quiz has been taken 71 times
  • The average score is 177 of 299
Answer Stats
Answer % Correct
I
100%
you
97%
a
95%
the
95%
The
95%
And
90%
and
90%
me
89%
be
87%
we
87%
We
87%
in
85%
It
85%
to
85%
on
84%
my
82%
was
82%
Was
82%
were
82%
we're
82%
your
82%
of
80%
that
74%
Like
72%
If
70%
so
70%
when
70%
what
69%
at
66%
he
66%
He
66%
said
66%
Don't
62%
never
62%
see
62%
up
62%
Have
61%
made
61%
night
61%
how
59%
as
57%
Oh
57%
oh
57%
one
57%
Can't
56%
can't
56%
could
54%
get
54%
would
51%
out
49%
with
49%
best
48%
starlight
46%
about
43%
dancing
43%
things
43%
forget
41%
You'll
39%
Look
38%
place
38%
he's
36%
into
36%
marvelous
36%
tune
36%
way
36%
whole
36%
dream
34%
dressed
34%
moved
34%
nines
34%
met
33%
remember
33%
summer
33%
impossible
31%
dreams
30%
life
30%
much
28%
talking
28%
thinking
28%
45
26%
boardwalk
26%
crazy
26%
kids
26%
party
26%
song
26%
10
25%
change
25%
married
25%
playing
25%
teach
25%
walked
25%
late
23%
running
23%
duchess
21%
saying
21%
spend
21%
wild
21%
worrying
21%
Bobby
20%
club
20%
keep
20%
Picked
20%
Pretending
20%
prince
20%
snuck
20%
yacht
20%
seventeen
18%
window
18%
blues
16%
singing
16%
rocks
15%
trying
15%
ocean
13%
skip
11%
marveous
0%
No matching quizzes found
Score Distribution
Percent of People with Each Score
Percentile by Number Answered
Your Score History
You have not taken this quiz